000 00618nam a2200193 i 4500
001 57220
003 ES-MaACL
005 20230906163533.0
007 t|
008 031015s1958 sp ||||1| spa d
100 1 _aDoñate Sebastiá, José María.
_945358
245 1 4 _aLos retablos de Pablo de santo Leocadio en Villareal de los Infantes /
_cJosé Mª Doñate Sebastiá.
260 _aCastellón de la Plana :
_b[s.n.,
_c1958] (
_fArmengot)
300 _a55 p., 26 lám. ;
_c23 cm.
490 1 _aArte ;
_v7
830 0 _aArte ;
_v7
_9178358
852 _aES-MaACL
_j2009-F-20
_bR.43543
999 _c57220
_d57220